Deutsche Bundesländer nach höchster Erhebung - Statistiken

Allgemein
  • Dieses Quiz wurde 96 mal gespielt
  • Das Durchschnittsergebnis liegt bei 11 aus 16
Antwortstatistiken
Berg Höhe Bundesland % Korrekt
Zugspitze 2.962 m Bayern
100%
Feldberg 1.493 m Baden-Württemberg
94%
Fichtelberg 1.215 m Sachsen
92%
Brocken 1.141 m Sachsen-Anhalt
85%
Erhebung im Friedehorstpark 32 m Bremen
73%
Wasserkuppe 950 m Hessen
69%
Großer Müggelberge 114 m Berlin
66%
Großer Beerberg 983 m Thüringen
66%
Langenberg 843 m Nordrhein-Westfalen
63%
Hasselbrack 116 m Hamburg
61%
Wurmberg 971 m Niedersachsen
58%
Erbeskopf 816 m Rheinland-Pfalz
54%
Dollberg 695 m Saarland
52%
Bungsberg 168 m Schleswig-Holstein
52%
Helpter Berg 179 m Mecklenburg-Vorpommern
46%
Kutschenberg 201 m Brandenburg
44%
Keine übereinstimmenden Quizze gefunden
Verteilung der Resultate
Anzahl Personen mit jedem Resultat
Perzentil nach korrekt beantworteten Fragen
Ihre Resultats-Entwicklung
Sie haben dieses Quiz noch nicht gespielt